| 000 | 00346cam a22001337a 4500 | ||
|---|---|---|---|
| 008 | 180718b1908 xxu||||| |||| 00| 0 eng d | ||
| 082 | _aT42 M225 | ||
| 100 | _aMacleod, Henry Dunning | ||
| 245 |
_aThe Elements of banking _cby Henry Dunning Macleod |
||
| 250 | _a7th ed. | ||
| 260 |
_aLondon _bLongmans _c1908 |
||
| 300 | _a308p. | ||
| 650 | _aBanks | ||
| 999 |
_c373162 _d373162 |
||